000 02244pam a2200529 i 4500
001 1134460651
003 DLC
005 20220427174008.0
008 191230s2020 nyua b b 000 1 spa
010 _a 2019053949
020 _a9780593181706
_q(hbk.)
020 _a9780593181713
_q(lib. bdg.)
035 _a(OCoLC)1134460651
040 _aDLC
_beng
_erda
_cDLC
_dTnLvILS
041 1 _aspa
_heng
042 _alcac
_apcc
043 _as-ck---
092 _aE Kunkel
100 1 _aKunkel, Angela Burke,
_eauthor.
_96375472
240 1 0 _aDigging for words.
_lSpanish.
245 1 0 _aRescatando palabras :
_bJos頁lberto Guti鲲ez y la biblioteca que crecescrito por Angela Burke Kunkel ; ilustrado por Paola Escobar ; traducido por Teresa Mlawer.
_cescrito por Angela Burke Kunkel ; ilustrado por Paola Escobar ; traducido por Teresa Mlawer.
250 _aFirst edition.
264 1 _aNew York :
_bSchwartz & Wade Books,
_c[2020]
300 _a1 volume (unpaged) :
_bcolor illustrations ;
_c29 cm.
336 _atext
336 _astill image
337 _aunmediated
338 _avolume
500 _aTranslation of: Digging for words.
504 _aIncludes bibliographical references.
520 _aIn BogotColumbia, young Josagerly anticipates Saturday, when he can visit the library started by Jos頁lberto Guti鲲ez, a garbage collector, and take a book home to enjoy all week. Includes note about Guti鲲ez's life and Bogot.
546 _aIn Spanish, translated from the English. En espa.
586 _aA Junior Library Guild selection.
600 1 1 _aGutie?rrez, Jose? Alberto
_vFiction.
_96446804
650 0 _aLibraries
_vJuvenile fiction.
_95698338
650 0 _aBooks and reading
_vJuvenile fiction.
_95684814
650 1 _aLibraries
_vFiction.
_95676033
650 1 _aBooks and reading
_vFiction.
_95684815
650 1 _aSpanish language materials.
651 1 _aBogotColombia)
_vJuvenile fiction.
_96446805
651 1 _aColombia.
_vFiction.
_95720031
655 7 _aPicture books.
_2lcgft.
700 1 _aEscobar, Paola,
_eillustrator.
700 1 _aMlawer, Teresa,
_etranslator.
_941836
907 _a.b436606409
942 _2ddc
_cBOOK
999 _c372957
_d372957